[Event "10th Sharjah Cup Women 2020"]
[Site "Sharjah"]
[Date "2020.01.09"]
[Round "7.19"]
[White "Dhyana, Patel"]
[Black "Mariam, Essa"]
[Result "1/2-1/2"]
[WhiteElo "1969"]
[BlackElo "1560"]
[Annotator "NA RC"]
[PlyCount "90"]
[EventDate "2020.01.04"]
[EventType "swiss"]
[EventCountry "UAE"]
[SourceTitle "playchess.com"]
[Source "ChessBase"]
[SourceQuality "1"]
[TimeControl "5400+30"]

{[%evp 9,84,34,23,32767,32767,32767,32767,35,33,51,37,41,40,41,70,25,52,37,27,-4,25,10,76,-10,52,-119,-75,-134,-118,-157,-163,-168,-179,-191,-170,-416,-170,-175,-174,-243,-231,-231,-176,-153,-164,-155,-183,-181,-21,32767,32767,32767,32767,32767,-64,32767,-33,-33,-54,-69,15,0,10,0,7,8,79,66,75,0,0,0,2,0,0,0,0]} 1. e4 {[%emt 0:00:00]} c5 {[%emt 0:00:00]} 2. Nf3 {[%emt 0:00:00]} e6 {[%emt 0:00:00]} 3. d4 {[%emt 0:00:00]} cxd4 {[%emt 0:00:00]} 4. Nxd4 {[%emt 0:00:00]} Nc6 {[%emt 0:00:00]} 5. Nc3 {[%emt 0:00:20]} Nf6 {[%emt 0:00:00]} 6. Ndb5 {[%emt 0:03:23]} d6 {[%emt 0:00:14]} 7. Bf4 {[%emt 0:01:03]} e5 {[%emt 0:00:09]} 8. Bg5 {[%emt 0:01:31]} a6 {[%emt 0:00:24]} 9. Na3 {[%emt 0:01:59]} b5 {[%emt 0:01:24]} 10. Bxf6 {[%emt 0:04:15]} gxf6 {[%emt 0:01:17]} 11. Nd5 $1 {[%emt 0:00:07]} Bg7 {[%emt 0:08:41]} 12. c3 {[%emt 0:01:53]} f5 {[%emt 0:02:06]} 13. exf5 {[%emt 0:05:10]} Bxf5 {[%emt 0:00:13]} 14. Qf3 {[%emt 0:00:52]} Bd7 {[%emt 0:03:34] B33: Sicilian: Pelikan and Sveshnikov Variations} (14... Be6 15. Rd1 Rc8 16. Bd3 O-O 17. Bf5 Ne7 18. Nxe7+ Qxe7 19. Qd3 Bxf5 20. Qxf5 Rfd8 21. O-O Qe6 22. Qb1 f5 {1-0 (34) Vaz Lacuesta,L (2098)-Torales,I (1641) Punta del Este 2019}) 15. Bd3 {[%emt 0:01:45]} Rc8 {[%emt 0:03:34]} 16. h4 $146 {[%emt 0:05:24]} ({Predecessor:} 16. Nc2 $16 Be6 17. Nce3 Nb8 18. Nf5 Bxf5 19. Qxf5 Nd7 20. Rd1 Nf6 21. Nxf6+ Bxf6 22. Be4 {1-0 (45) Svec,L (1846)-Hacaperka,M (1936) Klatovy 2007}) 16... Be6 {[%emt 0:08:31]} 17. Ne3 $2 {[%emt 0:07:28]} (17. Nc2 $14) 17... d5 {[%emt 0:13:07]} 18. Bf5 {[%emt 0:02:23]} ({White should play} 18. Rd1 $15) 18... Qf6 {[%emt 0:07:02]} 19. Qg4 {[%emt 0:09:47]} h5 {[%emt 0:01:41]} 20. Qh3 {[%emt 0:01:59]} d4 {[%emt 0:02:18]} 21. Bxe6 {[%emt 0:00:18]} fxe6 {[%emt 0:03:17]} ({Resist} 21... Qxe6 22. Nf5 $17) 22. Nd5 $2 {[%emt 0:02:40]} (22. Nec2) 22... Qf5 {[%emt 0:01:32]} (22... Qg6 $142 23. O-O O-O) 23. Qxf5 {[%emt 0:01:46]} exf5 {[%emt 0:00:05]} 24. cxd4 {[%emt 0:02:33]} (24. Rh3 {was necessary.}) 24... Nxd4 {[%emt 0:00:10]} 25. O-O {[%emt 0:00:39]} Rc5 {[%emt 0:00:36]} 26. Nb4 {[%emt 0:01:51]} a5 {[%emt 0:00:49]} 27. Nd3 {[%emt 0:00:04]} Rd5 {[%emt 0:00:16]} 28. Kh1 {[%emt 0:05:35]} Ne2 $2 {[%emt 0:02:20]} (28... Kf7 $19 29. Rac1 Ne6) 29. Rfe1 {[%emt 0:00:28]} Ng3+ {[%emt 0:00:21]} 30. fxg3 {[%emt 0:00:05]} Rxd3 {[%emt 0:00:08]} 31. Nxb5 {[%emt 0:00:11]} O-O {[%emt 0:01:55]} 32. Nc7 {[%emt 0:04:02]} e4 {[%emt 0:10:07]} 33. Ne6 {[%emt 0:00:42]} Bxb2 {[%emt 0:00:09]} 34. Rab1 {[%emt 0:00:49]} Bc3 {[%emt 0:01:16]} 35. Rec1 {[%emt 0:01:09]} Re8 {[%emt 0:01:18]} 36. Nf4 $1 {[%emt 0:00:19] Double Attack} Rxg3 {[%emt 0:02:43]} 37. Nxh5 {[%emt 0:05:43]} Rd3 {[%emt 0:08:08]} 38. Nf4 {[%emt 0:00:36]} Rg3 {[%emt 0:03:19]} 39. Nh5 {[%emt 0:02:10]} ({White should try} 39. Ne2 $16 Be5 40. Nxg3 Bxg3 41. Rc2) 39... Re3 {[%emt 0:01:24]} 40. Rb3 {[%emt 0:02:00]} Rc8 {[%emt 0:00:32]} 41. Rb7 {[%emt 0:02:15]} Re1+ {[%emt 0:01:57]} 42. Rxe1 {[%emt 0:00:05]} Bxe1 $11 {[%emt 0:00:15]} 43. Nf6+ {[%emt 0:00:03]} Kf8 {[%emt 0:00:34]} 44. Nh7+ {[%emt 0:00:26]} Kg8 {[%emt 0:00:18]} 45. Nf6+ {[%emt 0:00:04]} Kf8 {[%emt 0:00:17]} 1/2-1/2

[Event "10th Sharjah Cup Women 2020"]
[Site "Sharjah"]
[Date "2020.01.09"]
[Round "7.20"]
[White "Kyrkjebo, Hanna B."]
[Black "Khezrian, Nooralzahra"]
[Result "1-0"]
[WhiteElo "1963"]
[BlackElo "1310"]
[Annotator "NA RC"]
[PlyCount "53"]
[EventDate "2020.01.04"]
[EventType "swiss"]
[EventCountry "UAE"]
[SourceTitle "playchess.com"]
[Source "ChessBase"]
[SourceQuality "1"]
[TimeControl "5400+30"]

{[%evp 20,53,34,37,43,10,24,21,70,68,91,56,87,113,234,227,224,218,241,242,415,449,412,428,652,818,887,959,29991,29991,29995,29996,29996,29997,29997,29998]} 1. e4 {[%emt 0:00:00]} e5 {[%emt 0:00:00]} 2. Nf3 {[%emt 0:00:00]} Nc6 {[%emt 0:00:00]} 3. Nc3 {[%emt 0:00:08]} Nf6 {[%emt 0:00:00]} 4. Bb5 {[%emt 0:00:14]} Bb4 {[%emt 0:00:49]} 5. O-O {[%emt 0:00:27]} O-O {[%emt 0:00:44]} 6. d3 {[%emt 0:00:14]} d6 {[%emt 0:00:17]} 7. Bg5 {[%emt 0:00:26]} Bxc3 {[%emt 0:00:55]} 8. bxc3 {[%emt 0:00:08]} Qe7 {[%emt 0:00:32]} 9. Re1 {[%emt 0:01:36]} Nd8 {[%emt 0:00:55]} 10. d4 {[%emt 0:02:02]} Ne6 {[%emt 0:07:36]} 11. Bc1 {[%emt 0:01:06] C49: Four Knights: 4 Bb5 Bb4} a6 {[%emt 0:11:07]} (11... Rd8 12. Qe2 Nf8 13. Nh4 h6 14. a4 c5 15. h3 cxd4 16. cxd4 exd4 17. Ba3 Qc7 18. Bd3 Bd7 19. Qd2 Rac8 {1-0 (60) Nepomniachtchi,I (2776)-Tomashevsky,E (2718) Khanty-Mansiysk 2019}) 12. Bd3 {[%emt 0:11:26]} Nd7 {[%emt 0:06:40]} 13. a4 {[%emt 0:06:00]} c5 {[%emt 0:13:11]} ({Black should try} 13... a5 $11) 14. Bf1 $146 {[%emt 0:02:35]} ({Predecessor:} 14. d5 Nf4 15. Bf1 Ng6 16. Nd2 h6 17. Nc4 b6 18. Rb1 Rb8 {1-0 (60) Willow,J (2187)-Turner,M (2534) Birmingham 2019}) 14... Rb8 {[%emt 0:14:02]} 15. g3 {[%emt 0:09:39]} f6 {[%emt 0:11:23]} 16. Nh4 {[%emt 0:08:54]} Rf7 {[%emt 0:05:06]} (16... cxd4 $16 17. cxd4 exd4) 17. Nf5 {[%emt 0:04:24] Qf} Qf8 {[%emt 0:00:18]} 18. dxe5 {[%emt 0:10:59]} Nxe5 {[%emt 0:03:22]} 19. f4 {[%emt 0:01:44]} g6 $2 {[%emt 0:03:05]} (19... Nc6 {might work better.} 20. Qxd6 (20. Nxd6 Rd7 $16) 20... g6) 20. fxe5 {[%emt 0:04:00]} gxf5 {[%emt 0:00:13]} 21. exf5 {[%emt 0:00:50]} Nd8 {[%emt 0:02:06]} (21... dxe5 $142 22. fxe6 Bxe6) 22. e6 {[%emt 0:03:36]} Rc7 {[%emt 0:01:53]} 23. Bf4 {[%emt 0:01:08]} Rc6 {[%emt 0:01:30] [#]} 24. e7 $1 {[%emt 0:01:22] Double Attack} Qe8 {[%emt 0:00:10]} 25. Qg4+ {[%emt 0:02:10]} Kh8 {[%emt 0:01:49]} 26. Bh6 {[%emt 0:01:58]} Ne6 {[%emt 0:00:15]} 27. Rxe6 {[%emt 0:00:28]} 1-0

[Event "10th Sharjah Cup Women 2020"]
[Site "Sharjah"]
[Date "2020.01.09"]
[Round "7.21"]
[White "Alsabbagh Eman"]
[Black "Al Kalbani, Wadima"]
[Result "1-0"]
[WhiteElo "1053"]
[BlackElo "1667"]
[Annotator "NA RC"]
[PlyCount "51"]
[EventDate "2020.01.04"]
[EventType "swiss"]
[EventCountry "UAE"]
[SourceTitle "playchess.com"]
[Source "ChessBase"]
[SourceQuality "1"]
[TimeControl "5400+30"]

1. e4 {[%emt 0:00:00]} e5 {[%emt 0:00:00]} 2. Nf3 {[%emt 0:00:00]} Nc6 {[%emt 0:00:00]} 3. Bc4 {[%emt 0:00:01]} Nf6 {[%emt 0:00:00]} 4. Ng5 {[%emt 0:02:52]} d5 {[%emt 0:00:00]} 5. exd5 {[%emt 0:00:37]} Na5 {[%emt 0:00:00]} 6. Bb5+ {[%emt 0:00:59]} c6 {[%emt 0:00:02]} 7. dxc6 {[%emt 0:00:33]} bxc6 {[%emt 0:00:05]} 8. Qf3 {[%emt 0:01:41]} Rb8 {[%emt 0:00:14]} 9. Bxc6+ {[%emt 0:03:38]} Nxc6 {[%emt 0:00:14]} 10. Qxc6+ {[%emt 0:00:28]} Nd7 {[%emt 0:00:04]} 11. d3 {[%emt 0:09:48]} h6 {[%emt 0:13:22]} 12. Ne4 {[%emt 0:07:18]} Rb6 {[%emt 0:00:03]} 13. Qa4 {[%emt 0:05:30]} Bb7 {[%emt 0:51:41]} 14. O-O {[%emt 0:11:21]} Rb4 {[%emt 0:15:21]} 15. Qxa7 {[%emt 0:03:57]} f5 {[%emt 0:00:05]} 16. a3 {[%emt 0:06:27]} Rb5 {[%emt 0:07:47]} 17. Nbc3 {[%emt 0:01:16]} Rb6 {[%emt 0:00:03]} 18. Ng3 {[%emt 0:03:27]} f4 {[%emt 0:02:36]} 19. Nge4 {[%emt 0:03:01]} Nc5 {[%emt 0:03:34]} 20. Nxc5 {[%emt 0:01:13]} Bxc5 {[%emt 0:02:43]} 21. Na4 {[%emt 0:01:52]} Qg5 {[%emt 0:01:32]} 22. Qb8+ {[%emt 0:01:43]} Kf7 {[%emt 0:00:20]} 23. Qc7+ {[%emt 0:01:43]} Kg8 {[%emt 0:01:08]} 24. g3 {[%emt 0:01:56]} fxg3 {[%emt 0:00:11]} 25. Bxg5 {[%emt 0:00:28]} gxf2+ {[%emt 0:00:05]} 26. Rxf2 {[%emt 0:00:37]} 1-0

[Event "10th Sharjah Cup Women 2020"]
[Site "Sharjah"]
[Date "2020.01.09"]
[Round "7.22"]
[White "Razan, Alshaeby"]
[Black "Amal, Fadel S M Alshamsi"]
[Result "1/2-1/2"]
[WhiteElo "1735"]
[BlackElo "1403"]
[Annotator "NA RC"]
[PlyCount "119"]
[EventDate "2020.01.04"]
[EventType "swiss"]
[EventCountry "UAE"]
[SourceTitle "playchess.com"]
[Source "ChessBase"]
[SourceQuality "1"]
[TimeControl "5400+30"]

1. e4 {[%emt 0:00:00]} e6 {[%emt 0:00:00]} 2. d4 {[%emt 0:00:07]} d5 {[%emt 0:00:00]} 3. exd5 {[%emt 0:00:02]} exd5 {[%emt 0:00:00]} 4. Bd3 {[%emt 0:00:43]} Bd6 {[%emt 0:00:00]} 5. Nf3 {[%emt 0:00:50]} Ne7 {[%emt 0:01:03]} 6. c3 {[%emt 0:02:20]} c6 {[%emt 0:06:17]} 7. O-O {[%emt 0:03:46]} O-O {[%emt 0:01:10]} 8. Bg5 {[%emt 0:11:14]} Bg4 {[%emt 0:14:10]} 9. Nbd2 {[%emt 0:05:43]} Qc7 {[%emt 0:03:32]} 10. Qc2 {[%emt 0:04:07]} h6 {[%emt 0:01:50]} 11. Bh4 {[%emt 0:02:04]} Nd7 {[%emt 0:06:56]} 12. Rfe1 {[%emt 0:10:27]} Rfe8 {[%emt 0:05:26]} 13. h3 {[%emt 0:01:43]} Be6 {[%emt 0:04:16]} 14. Nf1 {[%emt 0:01:32]} Nf8 {[%emt 0:08:55]} 15. Ne5 {[%emt 0:05:26]} Qc8 {[%emt 0:03:38]} 16. g4 {[%emt 0:07:30]} f6 {[%emt 0:16:03]} 17. Ng6 {[%emt 0:04:36]} Nexg6 {[%emt 0:00:14]} 18. Bxg6 {[%emt 0:00:14]} Nxg6 {[%emt 0:00:06]} 19. Qxg6 {[%emt 0:00:04]} Bf7 {[%emt 0:00:11]} 20. Qd3 {[%emt 0:00:47]} Qd7 {[%emt 0:02:16]} 21. Bg3 {[%emt 0:00:20]} Be7 {[%emt 0:03:03]} 22. Re2 {[%emt 0:03:47]} h5 {[%emt 0:00:39]} 23. Ne3 {[%emt 0:00:45]} hxg4 {[%emt 0:00:44]} 24. hxg4 {[%emt 0:00:13]} g6 {[%emt 0:00:20]} 25. f4 {[%emt 0:05:41]} Bd6 {[%emt 0:01:37]} 26. Rh2 {[%emt 0:02:29]} Kg7 {[%emt 0:00:23]} 27. Kf2 {[%emt 0:04:58]} Rh8 {[%emt 0:02:57]} 28. Rah1 {[%emt 0:00:16]} Rxh2+ {[%emt 0:00:06]} 29. Rxh2 {[%emt 0:00:06]} Rh8 {[%emt 0:01:23]} 30. Rxh8 {[%emt 0:00:55]} Kxh8 {[%emt 0:00:11]} 31. f5 {[%emt 0:00:19]} Bxg3+ {[%emt 0:00:30]} 32. Kxg3 {[%emt 0:00:16]} Qd6+ {[%emt 0:00:20]} 33. Kg2 {[%emt 0:04:04]} g5 {[%emt 0:00:16]} 34. Qf1 {[%emt 0:00:24]} Qe7 {[%emt 0:00:32]} 35. Qf3 {[%emt 0:02:29]} Kg7 {[%emt 0:01:04]} 36. Kf2 {[%emt 0:01:30]} Qd6 {[%emt 0:00:31]} 37. Nf1 {[%emt 0:03:00]} Qe7 {[%emt 0:06:29]} 38. Ng3 {[%emt 0:02:08]} Qe8 {[%emt 0:04:23]} 39. Qd1 {[%emt 0:00:57]} Qd8 {[%emt 0:02:17]} 40. Qe2 {[%emt 0:05:09]} Qd6 {[%emt 0:01:04]} 41. Qf3 {[%emt 0:00:27]} Qc7 {[%emt 0:02:02]} 42. Ke1 {[%emt 0:02:54]} Qe7+ {[%emt 0:01:37]} 43. Kd2 {[%emt 0:00:11]} Qd6 {[%emt 0:00:45]} 44. Qf2 {[%emt 0:01:23]} Qe7 {[%emt 0:00:49]} 45. Qh2 {[%emt 0:00:35]} Qe8 {[%emt 0:00:34]} 46. Qh1 {[%emt 0:01:07]} a6 {[%emt 0:00:44]} 47. Qh2 {[%emt 0:00:41]} Qh8 {[%emt 0:01:06]} 48. Nh5+ {[%emt 0:01:25]} Bxh5 {[%emt 0:00:19]} 49. gxh5 {[%emt 0:00:02]} Kh6 {[%emt 0:00:41]} 50. Qc7 {[%emt 0:00:16]} Qe8 {[%emt 0:00:31]} 51. Qd6 {[%emt 0:02:20]} Kxh5 {[%emt 0:00:44]} 52. Qxf6 {[%emt 0:00:19]} Qe4 {[%emt 0:00:37]} 53. Qh8+ {[%emt 0:00:55]} Kg4 {[%emt 0:00:01]} 54. f6 {[%emt 0:00:12]} Qg2+ {[%emt 0:00:07]} 55. Kc1 {[%emt 0:00:14]} Qf1+ {[%emt 0:00:21]} 56. Kc2 {[%emt 0:00:16]} Qe2+ {[%emt 0:00:32]} 57. Kb3 {[%emt 0:00:38]} Qb5+ {[%emt 0:00:18]} 58. Kc2 {[%emt 0:00:30]} Qe2+ {[%emt 0:00:03] Kd2 Qg2+} 59. Kc1 Kf3 60. Qh5+ {Kg4 Qh8 Qf1+} 1/2-1/2

[Event "10th Sharjah Cup Women 2020"]
[Site "Sharjah"]
[Date "2020.01.09"]
[Round "7.23"]
[White "Yasmin, Ali"]
[Black "Kaushika Sridharan"]
[Result "0-1"]
[WhiteElo "1527"]
[BlackElo "1205"]
[Annotator "NA RC"]
[PlyCount "116"]
[EventDate "2020.01.04"]
[EventType "swiss"]
[EventCountry "UAE"]
[SourceTitle "playchess.com"]
[Source "ChessBase"]
[SourceQuality "1"]
[TimeControl "5400+30"]

1. d4 {[%emt 0:00:00]} d5 {[%emt 0:00:00]} 2. c4 {[%emt 0:00:00]} e6 {[%emt 0:00:29]} 3. Nc3 {[%emt 0:00:00]} Nf6 {[%emt 0:02:37]} 4. cxd5 {[%emt 0:00:00]} exd5 {[%emt 0:01:15]} 5. Bg5 {[%emt 0:00:04]} Be7 {[%emt 0:03:20]} 6. Qc2 {[%emt 0:00:32]} Nc6 {[%emt 0:06:47]} 7. e3 {[%emt 0:00:54]} Bg4 {[%emt 0:07:34]} 8. a3 {[%emt 0:00:48]} a6 {[%emt 0:05:03]} 9. Bd3 {[%emt 0:00:17]} h6 {[%emt 0:03:50]} 10. Bh4 {[%emt 0:00:16]} Qd7 {[%emt 0:09:32]} 11. Nge2 {[%emt 0:01:37]} O-O {[%emt 0:04:47]} 12. f3 {[%emt 0:00:33]} Be6 {[%emt 0:02:03]} 13. O-O {[%emt 0:00:16]} Nh5 {[%emt 0:04:37]} 14. Bf2 {[%emt 0:01:36]} b5 {[%emt 0:03:44]} 15. e4 {[%emt 0:03:14]} Nf6 {[%emt 0:12:43]} 16. e5 {[%emt 0:00:36]} Ne8 {[%emt 0:03:11]} 17. f4 {[%emt 0:10:04]} f5 {[%emt 0:05:53]} 18. Qc1 {[%emt 0:00:19]} Na5 {[%emt 0:03:30]} 19. b4 {[%emt 0:02:38]} Nb3 {[%emt 0:01:28]} 20. Qc2 {[%emt 0:01:56]} Nxa1 {[%emt 0:00:27]} 21. Rxa1 {[%emt 0:00:03]} c6 {[%emt 0:01:00]} 22. Be3 {[%emt 0:05:39]} a5 {[%emt 0:01:28]} 23. Rf1 {[%emt 0:01:26]} axb4 {[%emt 0:01:02]} 24. axb4 {[%emt 0:00:11]} Bxb4 {[%emt 0:00:32]} 25. g4 {[%emt 0:00:06]} Bxc3 {[%emt 0:01:43]} 26. Nxc3 {[%emt 0:00:11]} Nc7 {[%emt 0:03:24]} 27. Qd1 {[%emt 0:03:30]} Na6 {[%emt 0:01:53]} 28. g5 {[%emt 0:00:31]} hxg5 {[%emt 0:02:15]} 29. fxg5 {[%emt 0:00:28]} Qf7 {[%emt 0:01:10]} 30. h4 {[%emt 0:01:42]} Nb4 {[%emt 0:01:25]} 31. Bb1 {[%emt 0:00:06]} Ra3 {[%emt 0:01:29]} 32. Qc1 {[%emt 0:00:08]} Rfa8 {[%emt 0:00:48]} 33. Rf2 {[%emt 0:01:05]} Qh5 {[%emt 0:00:36]} 34. g6 {[%emt 0:00:37]} Qxh4 {[%emt 0:01:54]} 35. Rh2 {[%emt 0:02:17]} Qg4+ {[%emt 0:00:38]} 36. Rg2 {[%emt 0:00:28]} Qh5 {[%emt 0:00:25]} 37. Ne2 {[%emt 0:01:49]} Qf3 {[%emt 0:00:45]} 38. Bd2 {[%emt 0:02:33]} Qb3 {[%emt 0:01:19]} 39. Nc3 {[%emt 0:07:10]} Qc4 {[%emt 0:00:43]} 40. Qe1 {[%emt 0:03:49]} Qxd4+ {[%emt 0:00:20]} 41. Kh1 {[%emt 0:00:04]} Nd3 {[%emt 0:00:33]} 42. Bxd3 {[%emt 0:00:43]} Qxd3 {[%emt 0:00:29]} 43. Qh4 {[%emt 0:00:27]} Ra1+ {[%emt 0:00:34]} 44. Kh2 {[%emt 0:00:08]} Qf1 {[%emt 0:00:26]} 45. Qh7+ {[%emt 0:00:09]} Kf8 {[%emt 0:00:29]} 46. Nd1 {[%emt 0:01:18]} Qxd1 {[%emt 0:00:29]} 47. Qh8+ {[%emt 0:00:25]} Bg8 {[%emt 0:00:15]} 48. Bb4+ {[%emt 0:00:03]} Ke8 {[%emt 0:00:30]} 49. Qxg8+ {[%emt 0:00:04]} Kd7 {[%emt 0:00:22]} 50. Qf7+ {[%emt 0:04:50]} Kc8 {[%emt 0:00:36]} 51. Qe8+ {[%emt 0:01:24]} Kb7 {[%emt 0:01:22]} 52. Qe7+ {[%emt 0:01:22]} Kc8 {[%emt 0:01:04]} 53. Qf8+ {[%emt 0:04:12]} Kb7 {[%emt 0:00:25]} 54. Qe7+ {[%emt 0:01:29]} Ka6 {[%emt 0:00:40]} 55. Qg5 {[%emt 0:01:24]} Qh1+ {[%emt 0:00:25]} 56. Kg3 {[%emt 0:00:08]} Qb1 {[%emt 0:00:09]} 57. Qd2 {[%emt 0:04:42]} Qb3+ {[%emt 0:00:19]} 58. Kf2 {[%emt 0:00:06]} Ra2 {[%emt 0:00:09]} 0-1

[Event "10th Sharjah Cup Women 2020"]
[Site "Sharjah"]
[Date "2020.01.11"]
[Round "8.1"]
[White "Socko, Monika"]
[Black "Bulmaga, Irina"]
[Result "1-0"]
[WhiteElo "2413"]
[BlackElo "2446"]
[Annotator "TA"]
[PlyCount "37"]
[EventDate "2020.01.04"]
[EventType "swiss"]
[EventCountry "UAE"]
[SourceTitle "playchess.com"]
[Source "ChessBase"]
[SourceQuality "1"]

{[%evp 12,37,30,20,33,0,53,48,56,34,177,175,220,246,347,336,488,455,549,541,587,570,1499,1487,1497,1470,1498,1480]} 1. e4 e5 2. Nf3 Nc6 3. Bb5 a6 4. Bxc6 dxc6 5. O-O f6 6. d4 Bg4 7. c3 Qe7 {C69: Ruy Lopez: Exchange Variation with 5 0-0 f6} (7... Bd6 8. Nbd2 Ne7 9. h3 Bh5 10. dxe5 Bxe5 11. Nc4 Qxd1 12. Rxd1 Bxf3 13. gxf3 Ng6 14. Be3 b6 15. Kf1 Ke7 16. Rd2 {½-½ (34) Guseinov,G (2664)-Shirov,A (2643) St Petersburg 2018}) 8. Be3 O-O-O (8... exd4 $11 9. Qxd4 Bxf3 10. gxf3 Qf7) 9. Nbd2 $14 Bh5 $146 {White is slightly better.} ({Predecessor:} 9... Qe8 10. dxe5 fxe5 11. b4 Nf6 12. Qc2 Bd6 {0-1 (28) Wachinger,N (2094)-Grabarczyk,M (2447) Lueneburg 2017}) 10. b4 h6 (10... exd4 $14 11. Bxd4 Nh6) 11. Qc2 g5 12. a4 Be8 (12... Qe8 $142 13. b5 a5 14. bxc6 Qxc6 15. dxe5 Bxf3 16. Nxf3 fxe5) 13. Rfb1 $18 h5 {[#]} (13... g4 $142) 14. b5 $1 {[%mdl 512] White is clearly winning.} cxb5 (14... axb5 15. axb5) 15. axb5 axb5 16. dxe5 {And now Ra8+ would win.} g4 17. Ra8+ Kd7 18. Qd3+ {[%mdl 64] [#] Double Attack} Ke6 19. Rxd8 {Accuracy: White = 74%, Black = 11%.} 1-0

[Event "10th Sharjah Cup Women 2020"]
[Site "Sharjah"]
[Date "2020.01.11"]
[Round "8.2"]
[White "Sukandar, Irine Kharisma"]
[Black "Zimina, Olga"]
[Result "1/2-1/2"]
[WhiteElo "2402"]
[BlackElo "2367"]
[Annotator "NA"]
[PlyCount "95"]
[EventDate "2020.01.04"]
[EventType "swiss"]
[EventCountry "UAE"]
[SourceTitle "playchess.com"]
[Source "ChessBase"]
[SourceQuality "1"]
[TimeControl "5400+30"]

1. e4 {[%emt 0:00:00]} c6 {[%emt 0:00:00]} 2. d4 {[%emt 0:00:00]} d5 {[%emt 0:00:00]} 3. exd5 {[%emt 0:00:35]} cxd5 {[%emt 0:00:00]} 4. Bd3 {[%emt 0:00:20]} Nc6 {[%emt 0:00:00]} 5. c3 {[%emt 0:00:07]} Nf6 {[%emt 0:00:01]} 6. Bf4 {[%emt 0:00:27]} Bg4 {[%emt 0:00:09]} 7. Qb3 {[%emt 0:00:21]} Qd7 {[%emt 0:00:08]} 8. Nd2 {[%emt 0:00:25]} e6 {[%emt 0:00:05]} 9. Ngf3 {[%emt 0:00:09]} Bd6 {[%emt 0:00:26]} 10. Bxd6 {[%emt 0:00:16]} Qxd6 {[%emt 0:00:05]} 11. O-O {[%emt 0:00:15]} O-O {[%emt 0:00:27]} 12. Rae1 {[%emt 0:00:33]} Bxf3 {[%emt 0:01:52]} 13. Nxf3 {[%emt 0:00:22]} Qc7 {[%emt 0:00:46] B13: Caro-Kann: Exchange Variation and Panov-Botvinnik Attack} (13... Rab8 14. Ne5 Qc7 15. f4 b5 16. a3 a5 17. Qc2 Rfc8 18. Qf2 b4 19. axb4 axb4 20. f5 bxc3 21. bxc3 {½-½ (30) Aravindh,C (2599)-Andreikin,D (2725) Astana 2019}) 14. Ne5 {[%emt 0:03:58]} Nxe5 {[%emt 0:02:21]} 15. dxe5 {[%emt 0:08:42]} Nd7 {[%emt 0:00:13]} 16. Qc2 $146 {[%emt 0:00:17]} ({Predecessor:} 16. f4 Qb6+ 17. Qxb6 Nxb6 18. Rd1 Rac8 19. Rf2 f5 20. g3 Nc4 21. Bxc4 Rxc4 {1-0 (56) Roncea,A (1590)-Prinzen,S (1520) Wuerzburg 2019}) 16... g6 {[%emt 0:16:40]} 17. Qe2 {[%emt 0:01:48]} Rab8 {[%emt 0:00:14]} 18. Bb5 {[%emt 0:07:03]} Nc5 {[%emt 0:01:08]} 19. Qe3 {[%emt 0:02:01]} a6 {[%emt 0:00:16]} 20. Be2 {[%emt 0:00:21]} b5 {[%emt 0:01:59]} 21. a3 {[%emt 0:02:26]} Na4 {[%emt 0:03:47]} 22. Rb1 {[%emt 0:00:27]} Rfc8 {[%emt 0:00:40]} 23. Rfd1 {[%emt 0:00:39]} Nb6 {[%emt 0:06:07]} 24. Rd4 {[%emt 0:02:56]} Nd7 {[%emt 0:02:53]} 25. f4 {[%emt 0:00:25]} a5 {[%emt 0:00:56]} 26. Rbd1 {[%emt 0:07:04]} Qc5 {[%emt 0:01:41]} 27. Qf2 {[%emt 0:03:44]} Rb6 {[%emt 0:01:26]} 28. h3 {[%emt 0:07:09]} Nb8 {[%emt 0:00:40]} 29. Bg4 {[%emt 0:07:39]} h5 $11 {[%emt 0:11:23]} 30. Bf3 {[%emt 0:01:10]} a4 {[%emt 0:02:15]} 31. g4 {[%emt 0:12:24]} hxg4 {[%emt 0:08:26]} 32. Bxg4 {[%emt 0:04:41]} Re8 {[%emt 0:00:52]} 33. h4 {[%emt 0:00:14]} Nc6 {[%emt 0:00:44]} 34. R4d3 {[%emt 0:00:32]} Qxf2+ {[%emt 0:00:07]} 35. Kxf2 {[%emt 0:00:02]} Kg7 {[%emt 0:05:34]} 36. h5 {[%emt 0:02:28]} gxh5 {[%emt 0:02:31]} 37. Bxh5 {[%emt 0:00:07]} Rh8 {[%emt 0:00:01]} 38. Rg1+ {[%emt 0:04:34]} Kf8 {[%emt 0:00:31]} 39. Rg5 {[%emt 0:00:05]} Ne7 {[%emt 0:01:10]} 40. Kg1 {[%emt 0:01:42]} Rc6 {[%emt 0:00:26]} 41. Be2 {[%emt 0:01:46]} Rc5 {[%emt 0:00:31]} 42. Rd4 {[%emt 0:04:52]} Nc6 {[%emt 0:00:12]} 43. Rd2 {[%emt 0:00:13]} Ke7 {[%emt 0:05:52]} 44. Kg2 {[%emt 0:01:54]} Rh4 {[%emt 0:08:09]} 45. Kg3 {[%emt 0:00:24]} Rh1 {[%emt 0:00:18]} 46. Kg2 {[%emt 0:00:10]} Rh4 {[%emt 0:00:58]} 47. Kg3 {[%emt 0:00:08]} Rh1 {[%emt 0:00:09]} 48. Kg2 {[%emt 0:02:33]} 1/2-1/2

[Event "10th Sharjah Cup Women 2020"]
[Site "Sharjah"]
[Date "2020.01.11"]
[Round "8.3"]
[White "Dordzhieva, Dinara"]
[Black "Li, Xueyi"]
[Result "1/2-1/2"]
[WhiteElo "2326"]
[BlackElo "2307"]
[Annotator "TA"]
[PlyCount "62"]
[EventDate "2020.01.04"]
[EventType "swiss"]
[EventCountry "UAE"]
[SourceTitle "playchess.com"]
[Source "ChessBase"]
[SourceQuality "1"]

{[%evp 22,62,0,-7,0,0,4,-6,0,-14,-19,-8,-22,-26,29,22,29,25,32,20,25,16,23,0,19,16,13,3,8,8,8,6,13,1,8,3,22,31,34,33,31,15,27]} 1. d4 d5 2. c4 c6 3. Nf3 Nf6 4. g3 Bg4 5. Bg2 e6 6. Nbd2 Nbd7 7. O-O h6 8. b3 Be7 9. Bb2 O-O 10. Re1 Bf5 11. Ne5 a5 12. a3 (12. Rc1 {with more complications.} a4 13. bxa4 Nb6 14. Qb3 Nxa4 15. Qxb7 Rb8 16. Qa7) 12... Bh7 {D11: Slav Defence: 3 Nf3 sidelines and 3...Nf6 4 e3 Bg4} 13. Nxd7 $146 ({Predecessor:} 13. Rc1 Nxe5 14. dxe5 {1-0 (38) Mamedyarov,S (2726)-Gelfand,B (2738) Astana 2012}) 13... Qxd7 14. Bc3 Rfd8 15. Qc1 c5 {Threatening ...cxd4.} 16. e3 cxd4 17. Bxd4 Qe8 (17... Rac8 $142) 18. Qb2 $11 Qf8 19. cxd5 exd5 20. Bh3 Ra6 21. Rec1 Rc6 22. a4 Ne4 23. Nxe4 Bxe4 24. Qe2 Bf6 25. Bxf6 Rxf6 26. Qd2 b6 27. Bg2 Qe7 28. Qd4 Bxg2 29. Kxg2 Qe4+ 30. Qxe4 dxe4 31. Rc2 Rd5 {Accuracy: White = 37%, Black = 45%.} 1/2-1/2